[Event "Xtracon Chess Open 2016"]
[Site "Elsinore"]
[Date "2016.07.28"]
[Round "7.156"]
[White "Svensson, Erik"]
[Black "Bjarnason, Larus H"]
[Result "1-0"]
[WhiteElo "1848"]
[BlackElo "1586"]
[PlyCount "89"]
[EventDate "2016.07.23"]

1. e4 c6 2. Nc3 d5 3. Nf3 dxe4 4. Nxe4 Bf5 5. Ng3 Bg6 6. h4 h6 7. Ne5 Bh7 8.
Qh5 g6 9. Bc4 e6 10. Qe2 Be7 11. Nxf7 Kxf7 12. Qxe6+ Ke8 13. Qf7+ Kd7 14. Qe6+
Kc7 15. Qe5+ Bd6 16. Qxh8 Qe7+ 17. Ne2 Be5 18. Qxg8 Bxg8 19. Bxg8 Nd7 20. Bc4
Nb6 21. Bd3 Qf6 22. c3 Rf8 23. Rf1 Nd5 24. Be4 Qe6 25. d3 h5 26. Bg5 Bf6 27.
Nf4 Nxf4 28. Bxf4+ Be5 29. Bxe5+ Qxe5 30. O-O-O Rf6 31. g3 Qe6 32. Kb1 b5 33.
Rd2 Qf7 34. f3 a5 35. Rg2 Kb6 36. g4 Rf4 37. Rfg1 Qf6 38. gxh5 Qxh4 39. hxg6
Rf8 40. g7 Rg8 41. f4 b4 42. cxb4 axb4 43. Rg6 Ka5 44. R1g5+ Ka4 45. b3+ 1-0

[Event "Xtracon Chess Open 2016"]
[Site "Elsinore"]
[Date "2016.07.28"]
[Round "7.157"]
[White "Horslund, Mikael"]
[Black "Madison, Sigurd"]
[Result "1-0"]
[WhiteElo "1604"]
[BlackElo "1846"]
[PlyCount "82"]
[EventDate "2016.07.23"]

1. d4 d5 2. c4 e6 3. Nf3 c6 4. b3 Nf6 5. Nbd2 Nbd7 6. e3 Bb4 7. Bd3 Ne4 8. O-O
f5 9. Bb2 O-O 10. Qc2 Rf6 11. a3 Ba5 12. b4 Bc7 13. cxd5 exd5 14. Rfc1 Rh6 15.
Nf1 Ndf6 16. Ne5 Nd6 17. Nxc6 Qe8 18. Ne7+ Qxe7 19. Qxc7 Bd7 20. Qc2 Ng4 21. g3
Nf7 22. Qe2 Ng5 23. f3 Nh3+ 24. Kg2 Ngf2 25. Bb5 Bxb5 26. Qxb5 Rd8 27. Rc2 Ng4
28. Qd3 Nf6 29. Qxf5 Rh5 30. Qd3 Ng5 31. Rac1 Qd7 32. Qe2 Qh3+ 33. Kg1 Re8 34.
Qg2 Qe6 35. Rc7 Rb8 36. a4 Nf7 37. g4 Rh6 38. Qg3 Qe8 39. Re7 Qd8 40. Rcc7 Ne8
41. Rxb7 Rxb7 1-0

[Event "Xtracon Chess Open 2016"]
[Site "Elsinore"]
[Date "2016.07.28"]
[Round "7.158"]
[White "Rasmussen, Henrik"]
[Black "Nilssen, Steinar"]
[Result "1/2-1/2"]
[WhiteElo "1833"]
[BlackElo "1575"]
[PlyCount "68"]
[EventDate "2016.07.23"]

1. Nf3 Nf6 2. d4 g6 3. c4 d5 4. cxd5 Nxd5 5. e4 Nb6 6. Nc3 Bg7 7. Be3 O-O 8.
Be2 Bg4 9. h3 Bxf3 10. Bxf3 Nc6 11. d5 Ne5 12. Be2 Nec4 13. Bxb6 Nxb6 14. O-O
a6 15. Qc2 Qd6 16. Rac1 Rac8 17. Bg4 Rcd8 18. Ne2 h5 19. Bf3 Rc8 20. Qb3 Bh6
21. Rc2 Rb8 22. Nc1 Rfc8 23. Nd3 Nd7 24. Be2 c6 25. f4 cxd5 26. Rxc8+ Rxc8 27.
Qxb7 Rc2 28. Bd1 Rd2 29. e5 Qb6+ 30. Qxb6 Nxb6 31. Nb4 a5 32. Nc6 Nc4 33. Bb3
e6 34. Bxc4 dxc4 1/2-1/2

[Event "Xtracon Chess Open 2016"]
[Site "Elsinore"]
[Date "2016.07.28"]
[Round "7.159"]
[White "Langvik, Ulrikke"]
[Black "Kristian, Pade Frederiksen"]
[Result "0-1"]
[WhiteElo "1583"]
[BlackElo "1832"]
[PlyCount "120"]
[EventDate "2016.07.23"]

1. d4 Nf6 2. c4 g6 3. Nc3 Bg7 4. e4 O-O 5. f3 c5 6. d5 d6 7. Bg5 h6 8. Be3 e6
9. Qd2 exd5 10. cxd5 a6 11. Bxh6 Nxe4 12. Nxe4 Qh4+ 13. g3 Qxh6 14. Qxh6 Bxh6
15. Nxd6 Ra7 16. Nxc8 Rxc8 17. Bg2 b5 18. Rd1 Re8+ 19. Kf1 Rae7 20. f4 Bg7 21.
Rb1 Rd8 22. b3 Nd7 23. Rc1 Re3 24. Kf2 Rde8 25. Bf1 Bd4 26. Kg2 Nb6 27. Nf3 Rd8
28. Nxd4 cxd4 29. Rc6 Nxd5 30. Rxa6 d3 31. Kf2 d2 32. Bg2 Rc3 33. Bxd5 Rc1 34.
Bf3 Rxh1 35. h4 d1=Q 36. Bxd1 Rdxd1 37. Ra5 Rd2+ 38. Kf3 Rhh2 39. Rxb5 Rxa2 40.
Rb8+ Kg7 41. Kg4 Ra3 42. f5 gxf5+ 43. Kxf5 Rb2 44. Rc8 Rbxb3 45. h5 Rb5+ 46.
Kg4 Ra4+ 47. Kh3 Rxh5+ 48. Kg2 Ra3 49. Rc4 Rg5 50. g4 f5 51. Rc7+ Kf6 52. Rc6+
Ke7 53. Rc5 Rxg4+ 54. Kf2 Rb4 55. Rc2 Kf6 56. Ke2 Kg5 57. Kf2 Kg4 58. Kg2 f4
59. Kf1 Kg3 60. Kg1 Ra1+ 0-1

[Event "Xtracon Chess Open 2016"]
[Site "Elsinore"]
[Date "2016.07.28"]
[Round "7.160"]
[White "Gade, Jens"]
[Black "Arbeus, Carl Johan"]
[Result "0-1"]
[WhiteElo "1575"]
[BlackElo "1784"]
[PlyCount "56"]
[EventDate "2016.07.23"]

1. d4 f5 2. Nf3 Nf6 3. c4 g6 4. e3 Bg7 5. Nc3 O-O 6. Bd2 b6 7. Be2 Bb7 8. O-O
e6 9. Qc2 d6 10. Rad1 Nbd7 11. Ng5 Qe7 12. Bf3 c6 13. Nh3 e5 14. Rfe1 e4 15.
Be2 c5 16. d5 Bh6 17. Nb5 Ne5 18. Bc3 Nfg4 19. Nf4 Qh4 20. Nh3 Nf3+ 21. Bxf3
exf3 22. Nxd6 fxg2 23. Kxg2 f4 24. exf4 Rxf4 25. Re2 Rf3 26. Kxf3 Qxh3+ 27. Ke4
Rf8 28. Bd2 Qf3# 0-1

[Event "Xtracon Chess Open 2016"]
[Site "Elsinore"]
[Date "2016.07.28"]
[Round "7.161"]
[White "Kristensen, Thomas Overgaard"]
[Black "Nielsen, Kai Gylling"]
[Result "0-1"]
[WhiteElo "1568"]
[BlackElo "1780"]
[PlyCount "62"]
[EventDate "2016.07.23"]

1. d4 Nf6 2. c4 e6 3. Nc3 Bb4 4. e3 O-O 5. Bd3 b6 6. Nge2 Bb7 7. O-O Be7 8. f3
d5 9. e4 c5 10. cxd5 exd5 11. e5 Ne8 12. Be3 Nc6 13. f4 f5 14. a3 Nc7 15. Rf3
cxd4 16. Nxd4 Nxd4 17. Bxd4 Ne6 18. Ne2 Bc5 19. Bb5 Rc8 20. Kh1 a6 21. Ba4 Nxd4
22. Nxd4 Bxd4 23. Qxd4 Rc4 24. Qd1 Kh8 25. b4 d4 26. Rh3 Qd5 27. Qe2 Rfc8 28.
Rd1 Rc1 29. Rhd3 Rxd1+ 30. Rxd1 Rc3 31. Rd3 Rxd3 0-1

[Event "Xtracon Chess Open 2016"]
[Site "Elsinore"]
[Date "2016.07.28"]
[Round "7.162"]
[White "Gottschalck, Christian"]
[Black "Maselli, David"]
[Result "1-0"]
[WhiteElo "1778"]
[BlackElo "1567"]
[PlyCount "120"]
[EventDate "2016.07.23"]

1. e4 g6 2. d4 Bg7 3. c3 d6 4. f4 Nf6 5. e5 dxe5 6. fxe5 Nd5 7. Nf3 O-O 8. Be2
Bf5 9. O-O e6 10. Na3 Nd7 11. Nc2 c5 12. c4 N5b6 13. dxc5 Nxc5 14. Ncd4 Qc7 15.
Nxf5 exf5 16. Qd6 Qxd6 17. exd6 Rad8 18. Rd1 Ne4 19. Be3 Na4 20. Bd4 b6 21.
Bxg7 Kxg7 22. d7 Nac5 23. Ne5 Nf6 24. Nc6 Rxd7 25. Rxd7 Nfxd7 26. Nxa7 Re8 27.
Bf3 Ne5 28. Bd5 Ned3 29. b3 Re2 30. Nc8 Nd7 31. Bc6 Nb8 32. Bf3 Re6 33. Bd5 Rf6
34. Rd1 Nf4 35. a3 Nxd5 36. cxd5 f4 37. d6 Nd7 38. Nxb6 Nxb6 39. d7 Nxd7 40.
Rxd7 f3 41. g3 Kf8 42. Kf2 Rc6 43. Rd2 Rc3 44. Rb2 Ke8 45. a4 Kd8 46. a5 Kc8
47. b4 Ra3 48. Rc2+ Kb7 49. h4 f5 50. Rc4 Rb3 51. Rd4 Kc6 52. Rf4 Kb5 53. Rd4
Kc6 54. Rc4+ Kb5 55. Rc7 Rxb4 56. Rxh7 Kxa5 57. Ra7+ Kb5 58. Rb7+ Kc4 59. Rxb4+
Kxb4 60. Kxf3 Kc4 1-0

[Event "Xtracon Chess Open 2016"]
[Site "Elsinore"]
[Date "2016.07.28"]
[Round "7.163"]
[White "Nielsen, Palle"]
[Black "Kvaloy, Aksel Bu"]
[Result "0-1"]
[WhiteElo "1778"]
[BlackElo "1533"]
[PlyCount "72"]
[EventDate "2016.07.23"]

1. g3 e5 2. Bg2 d5 3. c3 c6 4. Qc2 Bd6 5. e4 Ne7 6. Ne2 O-O 7. b3 f5 8. exd5
cxd5 9. d4 e4 10. O-O Ng6 11. f4 h6 12. c4 Nc6 13. a3 Be6 14. c5 Be7 15. Nbc3
b6 16. b4 bxc5 17. bxc5 Rb8 18. Bd2 Bf6 19. Be3 Na5 20. Rfb1 Qd7 21. Bf1 Nc4
22. Kf2 Rxb1 23. Qxb1 Ne7 24. a4 Nc6 25. Nd1 Rb8 26. Qc1 Nb4 27. Qc3 Nd3+ 28.
Kg1 Qf7 29. Nc1 Nxc1 30. Bxc4 dxc4 31. Qxc1 Qd7 32. Rb1 Rxb1 33. Qxb1 Bxd4 34.
Qb8+ Kf7 35. Qd6 Qxd6 36. cxd6 c3 0-1

[Event "Xtracon Chess Open 2016"]
[Site "Elsinore"]
[Date "2016.07.28"]
[Round "7.164"]
[White "Jacobsen, Caroline Beer"]
[Black "Overmark, Ole"]
[Result "1-0"]
[WhiteElo "1544"]
[BlackElo "1775"]
[PlyCount "83"]
[EventDate "2016.07.23"]

1. e4 e6 2. d4 d5 3. exd5 exd5 4. Bd3 Bd6 5. Nf3 Bg4 6. O-O Ne7 7. Re1 O-O 8.
Nbd2 Nbc6 9. c3 Bh5 10. Nf1 Bg6 11. Ng3 Qd7 12. Nh4 Bxd3 13. Qxd3 Qg4 14. Ngf5
Rad8 15. Nxd6 Rxd6 16. Qg3 Qh5 17. Bf4 Re6 18. Rxe6 fxe6 19. Re1 Nf5 20. Nxf5
Qxf5 21. Bxc7 Qc2 22. Qe3 Kh8 23. Qe2 Qf5 24. f3 Re8 25. Qb5 h6 26. Qxb7 Ne7
27. Qxa7 Ng6 28. Be5 Re7 29. Qb8+ Kh7 30. a4 Qg5 31. a5 Qd2 32. Bg3 h5 33. h4
Qd3 34. Qb6 Qf5 35. a6 Nf4 36. a7 Nxg2 37. Kxg2 Qc2+ 38. Kg1 Qg6 39. Kf2 Rf7
40. a8=Q Qc2+ 41. Re2 Qd3 42. f4 1-0

[Event "Xtracon Chess Open 2016"]
[Site "Elsinore"]
[Date "2016.07.28"]
[Round "7.165"]
[White "Tryggestad, Linnea Garberg"]
[Black "Fjellengen, Bard"]
[Result "1/2-1/2"]
[WhiteElo "1525"]
[BlackElo "1764"]
[PlyCount "104"]
[EventDate "2016.07.23"]

1. d4 d5 2. c4 c6 3. Nc3 e6 4. e3 f5 5. Nf3 Nf6 6. Be2 Bd6 7. h3 O-O 8. O-O
Nbd7 9. c5 Bc7 10. b4 e5 11. dxe5 Nxe5 12. Nxe5 Bxe5 13. Bb2 Ne4 14. Qc2 Qf6
15. Rac1 Nxc3 16. Bxc3 Bxc3 17. Qxc3 Qxc3 18. Rxc3 Be6 19. a3 Rae8 20. Bh5 g6
21. Bd1 Bc8 22. Bb3 f4 23. exf4 Rxf4 24. Re3 Rfe4 25. Rxe4 Rxe4 26. Rd1 Be6 27.
Kf1 Kf7 28. Rd3 Kf6 29. f3 Re5 30. Kf2 Bf5 31. Re3 g5 32. g4 Bg6 33. Rc3 d4 34.
Rc1 Re3 35. Bc2 Bxc2 36. Rxc2 Ke5 37. Re2 Kf4 38. Rxe3 dxe3+ 39. Ke2 b6 40.
cxb6 axb6 41. a4 Ke5 42. Kxe3 Kd6 43. Kd4 Kc7 44. a5 Kb7 45. f4 gxf4 46. Ke4 c5
47. a6+ Kxa6 48. bxc5 bxc5 49. Kxf4 Kb5 50. Ke3 Kc4 51. Kd2 Kd4 52. h4 Ke4
1/2-1/2

[Event "Xtracon Chess Open 2016"]
[Site "Elsinore"]
[Date "2016.07.28"]
[Round "7.166"]
[White "Shehzad, Alisha"]
[Black "Haagen Larsen, Hans"]
[Result "1/2-1/2"]
[WhiteElo "1514"]
[BlackElo "1752"]
[PlyCount "98"]
[EventDate "2016.07.23"]

1. e4 e6 2. d4 d5 3. Nd2 c5 4. exd5 Qxd5 5. Ngf3 Nc6 6. Bc4 Qd8 7. O-O Nf6 8.
Re1 cxd4 9. Nb3 Bb4 10. Bd2 Bxd2 11. Qxd2 O-O 12. Nbxd4 Nxd4 13. Qxd4 Qc7 14.
Bb3 Bd7 15. Rad1 Bc6 16. Qc3 Rad8 17. Nd4 Qb6 18. Nxc6 bxc6 19. h3 Ne4 20. Qf3
Rxd1 21. Rxd1 Nc5 22. Rd6 Rc8 23. h4 h6 24. g3 a5 25. a4 Qc7 26. Rd1 Qe5 27.
Rb1 Ne4 28. Qe3 Qf5 29. Re1 Nc5 30. Qe5 Qxe5 31. Rxe5 Nxb3 32. cxb3 Rb8 33. Re3
Kf8 34. Kg2 Ke7 35. Rd3 f5 36. f4 Kf6 37. h5 g5 38. hxg6 Kxg6 39. Kh3 Kf6 40.
Re3 h5 41. Kh4 Rb7 42. Kh3 Rg7 43. Rc3 Rb7 44. Re3 c5 45. Re5 Rxb3 46. Rxc5
Rxb2 47. Rxa5 Rb1 48. Ra8 Rh1+ 49. Kg2 Ra1 1/2-1/2

[Event "Xtracon Chess Open 2016"]
[Site "Elsinore"]
[Date "2016.07.28"]
[Round "7.167"]
[White "Vinther, Christoffer"]
[Black "Nielsen, Leo"]
[Result "1-0"]
[WhiteElo "1509"]
[BlackElo "1749"]
[PlyCount "61"]
[EventDate "2016.07.23"]

1. e4 c5 2. Nf3 Nc6 3. Nc3 g6 4. Bc4 e6 5. O-O Bg7 6. d3 a6 7. Bf4 Nge7 8. Qd2
b5 9. Bb3 Bb7 10. Bh6 O-O 11. Rfe1 Nd4 12. Nxd4 cxd4 13. Ne2 e5 14. c3 Qa5 15.
Ng3 Rac8 16. Rac1 dxc3 17. bxc3 Bxh6 18. Qxh6 Rxc3 19. Qd2 b4 20. h4 Rfc8 21.
h5 Qc5 22. Ne2 Rxc1 23. Rxc1 Qd6 24. Rxc8+ Nxc8 25. Ng3 Ne7 26. Qg5 Kg7 27.
hxg6 fxg6 28. Nh5+ Kh8 29. Qh6 Nf5 30. exf5 Qe7 31. f6 1-0

[Event "Xtracon Chess Open 2016"]
[Site "Elsinore"]
[Date "2016.07.28"]
[Round "7.168"]
[White "Linjord, David Jess"]
[Black "Nielsen, Angelo"]
[Result "0-1"]
[WhiteElo "1488"]
[BlackElo "1747"]
[PlyCount "72"]
[EventDate "2016.07.23"]

1. c4 Nf6 2. Nc3 g6 3. Nf3 d6 4. g3 Bg7 5. Bg2 O-O 6. O-O c5 7. e3 Nbd7 8. d4
a6 9. Qc2 Rb8 10. a4 b6 11. d5 Ng4 12. e4 Nde5 13. h3 Nxf3+ 14. Bxf3 Ne5 15.
Be2 Bxh3 16. Re1 Bg4 17. f4 Nf3+ 18. Bxf3 Bxf3 19. Kf2 Bg4 20. Rh1 f5 21. Be3
Qd7 22. Rh2 h5 23. Bd2 fxe4 24. Qxe4 Bf5 25. Qe2 Rbe8 26. a5 Bd4+ 27. Kg2 e5
28. Qf1 Qb7 29. axb6 Qxb6 30. Na4 Be4+ 31. Kh3 Qb8 32. Qd1 Qc8+ 33. Kh4 Kg7 34.
fxe5 Bxe5 35. Bg5 Bf3 36. b3 Qg4# 0-1

[Event "Xtracon Chess Open 2016"]
[Site "Elsinore"]
[Date "2016.07.28"]
[Round "7.169"]
[White "Cithu, Arun Vijay"]
[Black "Bennett, Owen"]
[Result "0-1"]
[WhiteElo "1501"]
[BlackElo "1741"]
[PlyCount "158"]
[EventDate "2016.07.23"]

1. e4 c5 2. Nf3 e6 3. d4 cxd4 4. Nxd4 Nf6 5. Nc3 Nc6 6. Be2 Bb4 7. Qd3 d5 8.
exd5 Nxd5 9. Bd2 Nxc3 10. bxc3 Bc5 11. Nxc6 Qxd3 12. cxd3 bxc6 13. d4 Bb6 14.
Bf3 Bd7 15. a4 O-O 16. O-O Bc7 17. Rab1 Rab8 18. Rfe1 Rb6 19. Rxb6 axb6 20. Rb1
Ra8 21. Rb4 Kf8 22. g3 Ke7 23. Rc4 Kd8 24. Kf1 b5 25. axb5 Ra1+ 26. Ke2 cxb5
27. Rb4 Bd6 28. Rb3 Kc7 29. Ke3 Be7 30. Ke2 Ra2 31. Kd3 Bc6 32. Bf4+ Kd7 33.
Bxc6+ Kxc6 34. Be3 Ra1 35. h4 Bd6 36. Ke4 f5+ 37. Kd3 Ra5 38. Kc2 Kd5 39. Kd3
Kc6 40. Kc2 Ra2+ 41. Kd3 Ra4 42. Bd2 Ra8 43. c4 bxc4+ 44. Kxc4 Ra2 45. Be3 Ra4+
46. Kd3 Ra5 47. Rc3+ Kd7 48. Rb3 Ra3 49. Rxa3 Bxa3 50. Kc4 Kc6 51. Bd2 Bd6 52.
f4 g6 53. Be1 Bc7 54. Bf2 Ba5 55. Kd3 Kd5 56. Ke2 Ke4 57. Be3 Bc3 58. Bc1 Bxd4
59. Bd2 Bg1 60. Bc3 Be3 61. Bb2 Bd4 62. Bc1 e5 63. fxe5 Bxe5 64. Kf2 Bd4+ 65.
Kg2 Be3 66. Bxe3 Kxe3 67. Kh1 Kf3 68. Kh2 Kg4 69. Kg2 f4 70. gxf4 Kxf4 71. Kh3
h5 72. Kg2 Kg4 73. Kg1 Kxh4 74. Kh2 g5 75. Kg2 g4 76. Kh2 g3+ 77. Kh1 Kh3 78.
Kg1 g2 79. Kf2 Kh2 0-1

[Event "Xtracon Chess Open 2016"]
[Site "Elsinore"]
[Date "2016.07.28"]
[Round "7.170"]
[White "Andersen, Johnny"]
[Black "Sidali, Elias Hulleberg"]
[Result "0-1"]
[WhiteElo "1740"]
[BlackElo "1491"]
[PlyCount "84"]
[EventDate "2016.07.23"]

1. e4 e6 2. d4 d5 3. e5 c5 4. c3 Qb6 5. Nf3 Nc6 6. a3 c4 7. Nbd2 Bd7 8. Be2 Na5
9. O-O Nb3 10. Nxb3 Ba4 11. Qe1 Bxb3 12. Nd2 Bc2 13. Bd1 Bd3 14. Be2 Bc2 15. f4
O-O-O 16. Rf2 Be7 17. Nf1 Nh6 18. Ne3 Bg6 19. Bd1 Nf5 20. b4 Bh4 21. g3 Nxg3
22. hxg3 Bxg3 23. Qf1 Bxf2+ 24. Qxf2 h5 25. a4 Qc7 26. b5 b6 27. Ba3 Qb7 28.
Bf3 Bd3 29. Bb4 Rhg8 30. a5 g5 31. f5 g4 32. Bg2 h4 33. fxe6 fxe6 34. Qf6 Qd7
35. axb6 h3 36. bxa7 Kb7 37. Nxd5 hxg2 38. a8=Q+ Rxa8 39. Rxa8 Rxa8 40. Ne3 Be4
41. Nxg2 Ra1+ 42. Kh2 Ra2 0-1

[Event "Xtracon Chess Open 2016"]
[Site "Elsinore"]
[Date "2016.07.28"]
[Round "7.171"]
[White "Petersen, Rasmus"]
[Black "Trasti, Nora Christine"]
[Result "1/2-1/2"]
[WhiteElo "1730"]
[BlackElo "1367"]
[PlyCount "67"]
[EventDate "2016.07.23"]

1. e4 c5 2. Nf3 Nc6 3. d4 cxd4 4. Nxd4 e5 5. Nb5 d6 6. N5c3 a6 7. Na3 Nf6 8.
Bg5 Be6 9. Bc4 Be7 10. Qd2 Qb6 11. Bb3 O-O-O 12. O-O-O Bxb3 13. axb3 Rd7 14.
Nc4 Qa7 15. Be3 Nd4 16. Bxd4 exd4 17. Qxd4 Kb8 18. Qxa7+ Kxa7 19. e5 Ng4 20.
Rd2 Bg5 21. Rhd1 Bxd2+ 22. Rxd2 Rhd8 23. exd6 b5 24. f3 bxc4 25. fxg4 cxb3 26.
Ne4 bxc2 27. Kxc2 f6 28. Kc3 Rc8+ 29. Kd4 Kb6 30. Kd5 Re8 31. Rc2 Re5+ 32. Kd4
Rxe4+ 33. Kxe4 Rxd6 34. Ke3 1/2-1/2

[Event "Xtracon Chess Open 2016"]
[Site "Elsinore"]
[Date "2016.07.28"]
[Round "7.172"]
[White "Kvaloy, Ola"]
[Black "Larsen, Mette Dalsgaard"]
[Result "0-1"]
[WhiteElo "1408"]
[BlackElo "1715"]
[PlyCount "66"]
[EventDate "2016.07.23"]

1. d4 d5 2. Nf3 e6 3. e3 Nf6 4. Bd3 c5 5. b3 Nbd7 6. O-O Be7 7. Bb2 O-O 8. Nbd2
b6 9. Ne5 Bb7 10. f4 Rc8 11. Rc1 Nb8 12. c3 Ba6 13. c4 Bb7 14. Bb1 Nc6 15. Rf3
dxc4 16. Rh3 g6 17. bxc4 cxd4 18. Nxc6 Bxc6 19. exd4 Qd6 20. Qe2 Qxf4 21. d5
Bc5+ 22. Kh1 exd5 23. Rf3 Qg4 24. Bxf6 Rce8 25. Qf1 Bb4 26. Bc3 Bc5 27. Rg3 Qd7
28. Qf6 d4 29. Bb2 Re2 30. Rd1 Rxg2 31. Rxg2 Bxg2+ 32. Kxg2 Qg4+ 33. Kf2 d3+
0-1

[Event "Xtracon Chess Open 2016"]
[Site "Elsinore"]
[Date "2016.07.28"]
[Round "7.173"]
[White "Christiansen, Torsten Sundgaar"]
[Black "Huse, Lars Paul"]
[Result "1/2-1/2"]
[WhiteElo "1708"]
[BlackElo "1121"]
[PlyCount "68"]
[EventDate "2016.07.23"]

1. d4 d5 2. e3 Nf6 3. Bd3 e6 4. f4 c5 5. c3 Nc6 6. a3 c4 7. Bc2 Bd6 8. Nf3 O-O
9. Nbd2 Nd7 10. Ng5 h6 11. Qh5 Nf6 12. Qh4 Ne7 13. Ngf3 Nf5 14. Bxf5 exf5 15.
Ne5 Be6 16. O-O Ne4 17. Qxd8 Raxd8 18. Nxe4 fxe4 19. f5 Bc8 20. Ng4 f6 21. h3
Kf7 22. Bd2 b5 23. Nh2 Rh8 24. Be1 a6 25. Bh4 Rhg8 26. Ng4 Be7 27. Rf2 h5 28.
Nh2 g6 29. fxg6+ Rxg6 30. Kh1 Rf8 31. Raf1 f5 32. Bxe7 Kxe7 33. Rf4 Be6 34. Kg1
Rfg8 1/2-1/2

[Event "Xtracon Chess Open 2016"]
[Site "Elsinore"]
[Date "2016.07.28"]
[Round "7.174"]
[White "Janse, Circe"]
[Black "Petersen, Jan"]
[Result "0-1"]
[WhiteElo "1427"]
[BlackElo "1694"]
[PlyCount "36"]
[EventDate "2016.07.23"]

1. e4 e6 2. d4 d5 3. exd5 exd5 4. Bd3 Nc6 5. Ne2 Bg4 6. Be3 Bd6 7. O-O Nge7 8.
Nbc3 a6 9. Qd2 Qd7 10. Bf4 O-O-O 11. Bxd6 Qxd6 12. Na4 Qb4 13. Qxb4 Nxb4 14.
Nf4 g5 15. h3 Bd7 16. Nc5 gxf4 17. Rfe1 Nxd3 18. Nxd3 Ng6 0-1

[Event "Xtracon Chess Open 2016"]
[Site "Elsinore"]
[Date "2016.07.28"]
[Round "7.177"]
[White "Densing, Gerd"]
[Black "Glaschak, Joachim"]
[Result "1-0"]
[WhiteElo "1814"]
[BlackElo "1570"]
[PlyCount "41"]
[EventDate "2016.07.23"]

1. d4 d5 2. Nf3 Nf6 3. e3 e6 4. Bd3 Be7 5. O-O O-O 6. b3 Nbd7 7. Bb2 b6 8. Nbd2
a5 9. Qe2 Bb7 10. Ne5 Qc8 11. f4 Ba6 12. Nc6 Bd6 13. c4 Re8 14. a4 Bf8 15. g4
Bb7 16. Ne5 Nxe5 17. fxe5 Nd7 18. g5 g6 19. Qf2 f5 20. gxf6 Kf7 21. Qh4 1-0

[Event "Xtracon Chess Open 2016"]
[Site "Elsinore"]
[Date "2016.07.28"]
[Round "7.178"]
[White "Kristensen, Lars Ostergaard"]
[Black "Morling, Aase"]
[Result "1-0"]
[WhiteElo "1710"]
[BlackElo "1539"]
[PlyCount "115"]
[EventDate "2016.07.23"]

1. d4 Nf6 2. c4 e6 3. Nc3 Bb4 4. e3 d5 5. cxd5 exd5 6. Bd3 O-O 7. Nge2 b6 8. a3
Be7 9. O-O Bb7 10. Ng3 Ba6 11. Re1 Bxd3 12. Qxd3 g6 13. e4 dxe4 14. Ncxe4 Nbd7
15. Bg5 Nxe4 16. Bxe7 Qxe7 17. Rxe4 Qd6 18. Rae1 Nf6 19. Re5 Rfe8 20. f4 c5 21.
d5 Kf8 22. Ne4 Nxe4 23. Qxe4 Rxe5 24. fxe5 Qd8 25. Rf1 Kg7 26. e6 fxe6 27. Qe5+
Kh6 28. Qxe6 Qe8 29. Qh3+ Kg7 30. d6 Rd8 31. Qg3 Qe6 32. Rd1 Rd7 33. h4 Qe2 34.
Re1 Qxb2 35. Re7+ Rxe7 36. dxe7 Qd4+ 37. Kh2 Qd7 38. Qe5+ Kf7 39. Qh8 Qd6+ 40.
g3 Qxe7 41. Qxh7+ Ke6 42. Qxg6+ Qf6 43. Qe4+ Qe5 44. Qc4+ Qd5 45. Qa6 Qd2+ 46.
Kh3 Qd7 47. g4 Qc7 48. Qc4+ Ke5 49. h5 Qd7 50. a4 Qd4 51. Qxd4+ cxd4 52. Kg3
Kf6 53. Kf4 a6 54. Ke4 b5 55. axb5 d3 56. Kxd3 axb5 57. Kc3 Kg5 58. Kb4 1-0

[Event "Xtracon Chess Open 2016"]
[Site "Elsinore"]
[Date "2016.07.28"]
[Round "7.179"]
[White "Birkestrand, Odd H"]
[Black "Gaure, Sigurd Lauvas"]
[Result "0-1"]
[WhiteElo "1676"]
[BlackElo "1514"]
[PlyCount "58"]
[EventDate "2016.07.23"]

1. e4 c5 2. c3 d6 3. d4 cxd4 4. cxd4 g6 5. Nc3 Bg7 6. Nf3 Nc6 7. Be2 Bg4 8. Be3
Qb6 9. Qd2 Bxf3 10. d5 Qc7 11. gxf3 Ne5 12. Bd4 Nf6 13. b3 O-O 14. h3 a6 15.
Be3 Rfc8 16. Rc1 b5 17. O-O Qd7 18. Kh2 Qe8 19. Rg1 e6 20. f4 Rxc3 21. fxe5
Nxe4 22. Qd1 Bxe5+ 23. f4 Rxe3 24. fxe5 Rxh3+ 25. Kg2 Qe7 26. Qe1 Rg3+ 27. Kf1
Rxg1+ 28. Kxg1 Qg5+ 29. Kh2 Qxe5+ 0-1

[Event "Xtracon Chess Open 2016"]
[Site "Elsinore"]
[Date "2016.07.28"]
[Round "7.180"]
[White "Rasmussen, Bjarne Berring"]
[Black "Narheim, Mats"]
[Result "0-1"]
[WhiteElo "1634"]
[BlackElo "1467"]
[PlyCount "74"]
[EventDate "2016.07.23"]

1. d4 Nf6 2. c4 e6 3. Nc3 Bb4 4. Qb3 c5 5. dxc5 Bxc5 6. e3 Nc6 7. Nf3 b6 8. Be2
Bb7 9. Qd1 Qc7 10. O-O O-O-O 11. a3 Ng4 12. h3 Nge5 13. b4 Be7 14. Bb2 h5 15.
Nb5 Nxf3+ 16. Bxf3 Qb8 17. Rc1 Rhg8 18. Bxh5 Ne5 19. Nxa7+ Qxa7 20. Bxe5 g6 21.
Bf3 Bxf3 22. Qxf3 g5 23. Qd1 f5 24. Bb2 g4 25. hxg4 Rxg4 26. f4 Rdg8 27. Rc2
Qb7 28. Qf3 Qa7 29. Rff2 Rg3 30. Qe2 Qb7 31. Qh5 Rxe3 32. Qf7 Reg3 33. Qxe7 Qe4
34. Qd6 Qe1+ 35. Rf1 Qe3+ 36. Kh2 Rh3+ 37. gxh3 Qg3+ 0-1

[Event "Xtracon Chess Open 2016"]
[Site "Elsinore"]
[Date "2016.07.28"]
[Round "7.181"]
[White "Larsen, Alex"]
[Black "Nesse, David"]
[Result "1-0"]
[WhiteElo "1442"]
[BlackElo "1604"]
[PlyCount "42"]
[EventDate "2016.07.23"]

1. e4 c5 2. Nf3 Nc6 3. Bc4 e6 4. O-O Nf6 5. d3 Bd6 6. Bg5 Ne5 7. Nc3 O-O 8. d4
cxd4 9. Nxe5 Bxe5 10. f4 dxc3 11. fxe5 Qb6+ 12. Kh1 Nxe4 13. Bh4 cxb2 14. Rb1
Nc3 15. Qg4 Nxb1 16. Bf6 g6 17. Qg5 Qf2 18. Rxf2 Nd2 19. Qxd2 b1=Q+ 20. Rf1 Qb4
21. Qxb4 a5 1-0

[Event "Xtracon Chess Open 2016"]
[Site "Elsinore"]
[Date "2016.07.28"]
[Round "7.182"]
[White "Hestholm, Sverre"]
[Black "Mottang, Harald"]
[Result "0-1"]
[WhiteElo "1418"]
[BlackElo "1597"]
[PlyCount "68"]
[EventDate "2016.07.23"]

1. e4 c5 2. Nf3 Nc6 3. d4 cxd4 4. Nxd4 Nf6 5. Nc3 g6 6. Be3 d6 7. f3 Bg7 8. Qd2
a6 9. O-O-O O-O 10. g4 Nxd4 11. Bxd4 b5 12. h4 Qa5 13. Kb1 Be6 14. Nd5 Qd8 15.
Nxf6+ Bxf6 16. Bxf6 exf6 17. Qxd6 Qa5 18. Qa3 Qxa3 19. bxa3 Rfc8 20. Bd3 Rc5
21. Rh2 a5 22. h5 g5 23. Bf1 b4 24. a4 Rc3 25. Rd3 Ra3 26. Rxa3 bxa3 27. Bb5
Rd8 28. Bd3 Rb8+ 29. Bb5 Bc4 30. Kc1 Bxa2 31. c4 Bb3 32. Rd2 Rc8 33. Rd4 Kf8
34. Kd2 a2 0-1

[Event "Xtracon Chess Open 2016"]
[Site "Elsinore"]
[Date "2016.07.28"]
[Round "7.183"]
[White "Svane, Freja"]
[Black "Lindsjorn, Yngve"]
[Result "0-1"]
[WhiteElo "1302"]
[BlackElo "1582"]
[PlyCount "64"]
[EventDate "2016.07.23"]

1. d4 c6 2. c4 d5 3. e3 Nf6 4. Nc3 Bf5 5. Nf3 e6 6. b3 Nbd7 7. Bb2 Be7 8. Bd3
Bxd3 9. Qxd3 O-O 10. O-O h6 11. Rac1 Rc8 12. Rfe1 Re8 13. e4 dxe4 14. Nxe4 Nxe4
15. Qxe4 Nf6 16. Qe5 Bd6 17. Qe2 Qc7 18. Ne5 Nd7 19. Qh5 Nxe5 20. dxe5 Be7 21.
Rc3 Bg5 22. Rg3 a6 23. Qd1 Rcd8 24. Rd3 Rxd3 25. Qxd3 Rd8 26. Qe2 Rd2 27. Qe4
Rxb2 28. Re2 Rxe2 29. Qxe2 Qd8 30. Kf1 Qd2 31. g3 Qxe2+ 32. Kxe2 h5 0-1

[Event "Xtracon Chess Open 2016"]
[Site "Elsinore"]
[Date "2016.07.28"]
[Round "7.185"]
[White "Starup, Leo"]
[Black "Amarapala, Sheroni"]
[Result "1-0"]
[WhiteElo "1598"]
[BlackElo "1330"]
[PlyCount "85"]
[EventDate "2016.07.23"]

1. e4 e5 2. Nf3 Nc6 3. Bb5 a6 4. Ba4 b5 5. Bb3 Nf6 6. d3 h6 7. h3 Bc5 8. O-O d5
9. exd5 Nxd5 10. Re1 Be6 11. Nc3 Nxc3 12. bxc3 Bd6 13. d4 Bxb3 14. cxb3 f6 15.
dxe5 Bxe5 16. Bf4 Qd6 17. Nxe5 fxe5 18. Qh5+ g6 19. Bxe5 Nxe5 20. Rxe5+ Kf7 21.
Qf3+ Kg7 22. Rae1 Rhf8 23. Re7+ Kg8 24. Qe3 g5 25. Qe4 Qxe7 26. Qxe7 Rae8 27.
Qxe8 Rxe8 28. Rxe8+ Kf7 29. Rc8 Ke6 30. Rxc7 Kd5 31. Ra7 Kc5 32. Rxa6 h5 33.
Rg6 g4 34. hxg4 hxg4 35. Rxg4 Kb6 36. Rd4 Ka5 37. g4 Kb6 38. g5 Kc5 39. g6 b4
40. Rxb4 Kd6 41. g7 Ke5 42. g8=Q Kf5 43. Qd5+ 1-0